000 00588nam a22001937a 4500
003 OSt
005 20210426115631.0
008 210204s1930 ||||| |||| 00| 0 eng d
040 _aeng
_beng
_cDLC
041 _aeng
080 _a821.111
_bD-79
100 _9773
_aDoyle, Conan. Arthur Sir
245 _aThe Complete Sherlock Holmes
_b: Volume 2
_c/ by: Doubleday and Company Inc
260 _aNew York
_bDoubleday and Company Inc
_c1930
300 _a1122 p.
650 0 _9254
_aEnglish literature
653 _aინგლისური ლიტერატურა
942 _2udc
_cBK
999 _c1182
_d1182